000 01403nam a22003617a 4500
003 CHAP
005 20220329141105.0
008 971013s1993 ng a r 00010 eng d
010 _a62440
011 _a63412
035 _a67588
040 _cCHAP
082 0 4 _a634.772
_bG6
100 0 0 _aGold, C. S.
_eed.
_948537
245 1 _aBiological and integrated control of highland banana and plantain pests and diseases
_b: proceedings...
260 _aIbadan, Nigeria :
_bInternational Institute of Tropical Agriculture,
_c1993
300 _a455 p.
_b: ilus. ; mapas
590 _aBATCH-UPD
_b10
_c20130110
_lUCH01
_h0508
590 _aBATCH-UPD
_b10
_c20130110
_lUCH01
_h2333
590 _aBATCH-UPD
_b10
_c20130410
_lUCH01
_h0146
590 _aBATCH-UPD
_b10
_c20130914
_lUCH01
_h1047
590 _aCONVERSION
_b10
_c20130109
_lUCH01
_h1334
650 1 4 _aControl biológico de plagas.
_927587
650 1 4 _aManejo integrado de plagas.
_970365
650 1 4 _aPlátano
_xEnfermedades.
_989231
650 1 4 _aPlátano
_xPlagas.
_989258
700 0 _aGemmill, B.
_eed.
_947432
711 0 _aWorkshop on Integrated and Biological Control of Highland Banana and Plantain Pests and Diseases (1991 : Cotonow, Benin)
_9122661
901 _aBK
942 _cLIBRO
949 _a634.772 G6
_bBC
_cLIBRO
_d33724000583944
_eLIBRO
_fc.2
_h92702
_i67588
_sb
949 _a634.772 G6
_bBC
_cLIBRO
_d33724000631222
_eLIBRO
_h92110
_i67588
_si
999 _c62440
_d62440